[Event "5. Howard Staunton Memorial"]
[Site "Londres ENG"]
[Date "2007.08.07"]
[Round "1.2"]
[White "L'Ami, Erwin"]
[Black "Wells, Peter K"]
[Result "1/2-1/2"]
[WhiteElo "2598"]
[BlackElo "2517"]
[PlyCount "36"]
[EventDate "2007.08.07"]
[EventType "tourn"]
[EventRounds "11"]
[EventCountry "ENG"]
[EventCategory "13"]
[Source "lmi"]
[SourceDate "2007.08.07"]

1. d4 Nf6 2. c4 e6 3. Nf3 d5 4. Nc3 dxc4 5. e4 Bb4 6. Bg5 c5 7. Bxc4 cxd4 8.
Nxd4 Bxc3+ 9. bxc3 Qa5 10. Nb5 Nxe4 11. Bf4 O-O 12. O-O Nc6 13. Qf3 e5 14. Qxe4
exf4 15. Qxf4 Be6 16. Nd6 Bxc4 17. Qxc4 Qc7 18. Rad1 Rad8 1/2-1/2

[Event "5. Howard Staunton Memorial"]
[Site "Londres ENG"]
[Date "2007.08.08"]
[Round "2.6"]
[White "Houska, Jovanka"]
[Black "L'Ami, Erwin"]
[Result "1/2-1/2"]
[WhiteElo "2401"]
[BlackElo "2598"]
[PlyCount "114"]
[EventDate "2007.08.07"]
[EventType "tourn"]
[EventRounds "11"]
[EventCountry "ENG"]
[EventCategory "13"]
[Source "lmi"]
[SourceDate "2007.08.07"]

1. e4 e5 2. Nf3 Nc6 3. Bb5 Nf6 4. Qe2 a6 5. Ba4 b5 6. Bb3 Be7 7. c3 O-O 8. O-O
d5 9. d3 Bb7 10. Nbd2 Re8 11. a3 Bf8 12. exd5 Na5 13. Ba2 Bxd5 14. b4 Bxa2 15.
Rxa2 Nb7 16. Ne4 h6 17. Nxf6+ Qxf6 18. Be3 Rad8 19. a4 Qc6 20. axb5 axb5 21.
Ra7 Nd6 22. Rc1 Nf5 23. h3 Bd6 24. Ra5 Ra8 25. Rxa8 Qxa8 26. Bc5 f6 27. Bxd6
Nxd6 28. Nd2 Qa2 29. Qd1 Kh8 30. Ne4 Nxe4 31. dxe4 Qc4 32. Qd7 Ra8 33. Rd1 c6
34. Qd3 Qxd3 35. Rxd3 Ra1+ 36. Kh2 Rc1 37. Kg3 Kg8 38. h4 h5 39. f4 Kf7 40.
fxe5 fxe5 41. Kf2 Rc2+ 42. Kf3 Ke6 43. g3 Ra2 44. Ke3 g6 45. Rd2 Ra8 46. Rd3
Ra2 47. Rd2 Ra1 48. Rd3 Re1+ 49. Kf3 Ke7 50. Rd2 Rc1 51. Rd3 Rc2 52. Ke3 Kf7
53. Rd7+ Kf8 54. Rd8+ Kg7 55. Rd7+ Kh6 56. Rd3 Kh7 57. Rd7+ Kh6 1/2-1/2

[Event "5. Howard Staunton Memorial"]
[Site "Londres ENG"]
[Date "2007.08.11"]
[Round "5.3"]
[White "Adams, Michael"]
[Black "Houska, Jovanka"]
[Result "1-0"]
[WhiteElo "2724"]
[BlackElo "2401"]
[PlyCount "65"]
[EventDate "2007.08.07"]
[EventType "tourn"]
[EventRounds "11"]
[EventCountry "ENG"]
[EventCategory "13"]
[Source "lmi"]
[SourceDate "2007.08.07"]

1. e4 c6 2. c4 d5 3. exd5 Nf6 4. Nc3 cxd5 5. cxd5 Nxd5 6. Nf3 e6 7. d4 Nxc3 8.
bxc3 Qc7 9. Qc2 Nd7 10. Bd3 b6 11. O-O Bb7 12. Re1 Bd6 13. Be4 Bxe4 14. Rxe4
Nf6 15. Rh4 Rc8 16. Bd2 h6 17. Re1 Nd5 18. Qe4 Nf6 19. Qb1 Nd5 20. Rg4 Kf8 21.
Rc1 Qc4 22. Re4 b5 23. Ne5 Qa4 24. f4 Bxe5 25. fxe5 Ke7 26. Rf1 Rxc3 27. Bxc3
Nxc3 28. Qc1 Nxe4 29. Qc7+ Ke8 30. Qc8+ Ke7 31. Qb7+ Ke8 32. Qxe4 Qa5 33. Qc6+
1-0

[Event "5. Howard Staunton Memorial"]
[Site "Londres ENG"]
[Date "2007.08.12"]
[Round "6.2"]
[White "Smeets, Jan"]
[Black "Van Wely, Loek"]
[Result "1/2-1/2"]
[WhiteElo "2538"]
[BlackElo "2680"]
[PlyCount "105"]
[EventDate "2007.08.07"]
[EventType "tourn"]
[EventRounds "11"]
[EventCountry "ENG"]
[EventCategory "13"]
[Source "lmi"]
[SourceDate "2007.08.07"]

1. e4 c5 2. Nf3 d6 3. d4 cxd4 4. Nxd4 Nf6 5. Nc3 a6 6. Be3 e5 7. Nb3 Be6 8. Qd2
Be7 9. O-O-O Nbd7 10. f4 Ng4 11. g3 Nxe3 12. Qxe3 b5 13. h4 Qb6 14. Qf3 b4 15.
Nd5 Bxd5 16. Rxd5 O-O 17. Bh3 Nf6 18. Ra5 Rfe8 19. fxe5 dxe5 20. g4 Nd7 21. Rd5
Qf6 22. Qxf6 Nxf6 23. Rxe5 Bd6 24. Ra5 Nxe4 25. Bg2 Rad8 26. Kb1 Nf2 27. Rf1
Nxg4 28. Bc6 Ne3 29. Rh1 Re6 30. Rxa6 Be5 31. Nc5 Red6 32. Nd3 Bf6 33. Bb5 Rd5
34. Rb6 Rd4 35. h5 Ng2 36. Rb7 Nf4 37. a4 b3 38. c3 Rxd3 39. Bxd3 Nxd3 40. Rd1
Re8 41. Rxb3 Nc5 42. Ra3 g5 43. hxg6 hxg6 44. a5 g5 45. a6 Ra8 46. a7 Kf8 47.
b4 Ne4 48. b5 Nxc3+ 49. Rxc3 Bxc3 50. b6 Be5 51. Rd5 Bf4 52. Rxg5 Bb8 53.
axb8=Q+ 1/2-1/2

[Event "5. Howard Staunton Memorial"]
[Site "Londres ENG"]
[Date "2007.08.12"]
[Round "6.4"]
[White "Houska, Jovanka"]
[Black "McNab, Colin Anderson"]
[Result "1/2-1/2"]
[WhiteElo "2401"]
[BlackElo "2416"]
[PlyCount "29"]
[EventDate "2007.08.07"]
[EventType "tourn"]
[EventRounds "11"]
[EventCountry "ENG"]
[EventCategory "13"]
[Source "lmi"]
[SourceDate "2007.08.07"]

1. e4 g6 2. d4 d6 3. Nf3 Bg7 4. Be2 Nf6 5. Nc3 O-O 6. O-O Bg4 7. h3 Bxf3 8.
Bxf3 e5 9. Be3 Nc6 10. dxe5 dxe5 11. Nd5 Nxd5 12. Qxd5 Qxd5 13. exd5 Nd4 14.
Bxd4 exd4 15. Rfe1 1/2-1/2

[Event "5. Howard Staunton Memorial"]
[Site "Londres ENG"]
[Date "2007.08.13"]
[Round "7.4"]
[White "Sokolov, Ivan"]
[Black "Houska, Jovanka"]
[Result "1-0"]
[WhiteElo "2666"]
[BlackElo "2401"]
[PlyCount "95"]
[EventDate "2007.08.07"]
[EventType "tourn"]
[EventRounds "11"]
[EventCountry "ENG"]
[EventCategory "13"]
[Source "lmi"]
[SourceDate "2007.08.07"]

1. d4 d5 2. c4 c6 3. Nf3 Nf6 4. Nc3 e6 5. Bg5 Be7 6. e3 h6 7. Bh4 O-O 8. Qc2
Nbd7 9. Rd1 b6 10. cxd5 cxd5 11. Bd3 Bb7 12. O-O Rc8 13. Qb1 Ne8 14. Bg3 Nd6
15. a4 Nb8 16. Ne5 Na6 17. Na2 Nc4 18. Nxc4 dxc4 19. Be2 Qd7 20. Nc3 Nb4 21. e4
Bd6 22. Rd2 Bxg3 23. hxg3 Qe7 24. Rfd1 Rfd8 25. Qa1 a5 26. Qa3 Qg5 27. b3 cxb3
28. Qxb3 Qf6 29. Bf3 Ba6 30. e5 Qe7 31. Ne4 Bc4 32. Qa3 Bd5 33. Nd6 Rc6 34. Bh5
g6 35. Be2 Qc7 36. Qe3 Kg7 37. Bb5 Rc3 38. Qe2 Qe7 39. Rb2 Bc6 40. Qd2 Bxb5 41.
Qxc3 Bxa4 42. Rdb1 Rd7 43. Rxb4 axb4 44. Qxb4 b5 45. Rc1 Kh7 46. Rc8 h5 47. Re8
Qg5 48. Ne4 1-0

[Event "5. Howard Staunton Memorial"]
[Site "Londres ENG"]
[Date "2007.08.15"]
[Round "8.1"]
[White "Werle, Jan"]
[Black "Smeets, Jan"]
[Result "1-0"]
[WhiteElo "2552"]
[BlackElo "2538"]
[PlyCount "49"]
[EventDate "2007.08.07"]
[EventType "tourn"]
[EventRounds "11"]
[EventCountry "ENG"]
[EventCategory "13"]
[Source "lmi"]
[SourceDate "2007.08.07"]

1. d4 Nf6 2. c4 e6 3. Nf3 d5 4. Nc3 dxc4 5. e4 Bb4 6. Bg5 b5 7. a4 c6 8. e5 h6
9. exf6 hxg5 10. fxg7 Rg8 11. g3 Nd7 12. Bg2 Bb7 13. h4 gxh4 14. Rxh4 a6 15.
Kf1 Rxg7 16. Rh8+ Bf8 17. Ne4 f5 18. Nd6+ Ke7 19. Nxb7 Qb6 20. Nc5 Nxc5 21.
dxc5 Qxc5 22. Nd4 Rc8 23. axb5 axb5 24. Rh6 Rg4 25. Nxe6 1-0

[Event "5. Howard Staunton Memorial"]
[Site "Londres ENG"]
[Date "2007.08.15"]
[Round "8.3"]
[White "Houska, Jovanka"]
[Black "Van Wely, Loek"]
[Result "0-1"]
[WhiteElo "2401"]
[BlackElo "2680"]
[PlyCount "116"]
[EventDate "2007.08.07"]
[EventType "tourn"]
[EventRounds "11"]
[EventCountry "ENG"]
[EventCategory "13"]
[Source "lmi"]
[SourceDate "2007.08.07"]

1. e4 c5 2. Nf3 e6 3. d4 cxd4 4. Nxd4 Nf6 5. Nc3 d6 6. Be2 a6 7. a4 Nc6 8. Be3
Be7 9. O-O O-O 10. f4 Qc7 11. Kh1 Re8 12. Bd3 Nb4 13. a5 Bd7 14. Qf3 Bc6 15.
Qg3 Bf8 16. Nxc6 bxc6 17. e5 Nfd5 18. Bd4 Nxd3 19. exd6 Qxd6 20. Ne4 Qb4 21.
Qxd3 c5 22. c3 Qxb2 23. Rfb1 Qxg2+ 24. Kxg2 Nxf4+ 25. Kf3 Nxd3 26. Nf6+ Kh8 27.
Nxe8 cxd4 28. Nc7 Ra7 29. Rb8 Kg8 30. Ne8 Ne5+ 31. Ke4 Nd7 32. Rc8 dxc3 33. Kd3
f5 34. Nd6 Nf6 35. Kxc3 g5 36. Rb1 Nd5+ 37. Kc4 Ne7 38. Rd8 Rc7+ 39. Kd3 Nc6
40. Rc8 Rxc8 41. Nxc8 Nxa5 42. Rb6 Kf7 43. Kc3 Bc5 44. Rxa6 Nb7 45. Rc6 Kf6 46.
Rc7 Nd6 47. Nxd6 Bxd6 48. Rxh7 Kg6 49. Rh3 Bf4 50. Kd4 Kg7 51. Kd3 g4 52. Rh5
Kg6 53. Rh8 Be5 54. Ra8 Bxh2 55. Ra6 Kf6 56. Ke3 Bb8 57. Ra8 Bc7 58. Ra6 Ke5
0-1

[Event "5. Howard Staunton Memorial"]
[Site "Londres ENG"]
[Date "2007.08.15"]
[Round "8.4"]
[White "L'Ami, Erwin"]
[Black "Sokolov, Ivan"]
[Result "0-1"]
[WhiteElo "2598"]
[BlackElo "2666"]
[PlyCount "50"]
[EventDate "2007.08.07"]
[EventType "tourn"]
[EventRounds "11"]
[EventCountry "ENG"]
[EventCategory "13"]
[Source "lmi"]
[SourceDate "2007.08.07"]

1. d4 d5 2. c4 c6 3. Nc3 Nf6 4. e3 a6 5. Nf3 b5 6. b3 Bg4 7. h3 Bxf3 8. gxf3
Nbd7 9. f4 e6 10. c5 h6 11. h4 h5 12. Bd3 Be7 13. Qf3 g6 14. Qh3 Ng4 15. Ne2
Nh6 16. Ng1 Bxc5 17. Nf3 Bb4+ 18. Ke2 Bc3 19. Rb1 Nf5 20. Bxf5 exf5 21. Bd2
Bxd2 22. Nxd2 c5 23. Nf3 Rc8 24. Rhd1 c4 25. Ne5 Nf6 0-1

[Event "5. Howard Staunton Memorial"]
[Site "Londres ENG"]
[Date "2007.08.17"]
[Round "10.1"]
[White "Werle, Jan"]
[Black "Wells, Peter K"]
[Result "1-0"]
[WhiteElo "2552"]
[BlackElo "2517"]
[PlyCount "83"]
[EventDate "2007.08.07"]
[EventType "tourn"]
[EventRounds "11"]
[EventCountry "ENG"]
[EventCategory "13"]
[Source "lmi"]
[SourceDate "2007.08.07"]

1. e4 c6 2. d4 d5 3. Nc3 dxe4 4. Nxe4 Nd7 5. Bd3 Ndf6 6. Ng5 Bg4 7. N1f3 Bh5 8.
h3 h6 9. Ne6 fxe6 10. g4 Bf7 11. Ne5 g5 12. c3 Bg7 13. f4 Nd5 14. fxg5 Bxe5 15.
dxe5 hxg5 16. Bxg5 Nxc3 17. bxc3 Qd5 18. Kf2 O-O-O 19. Be2 Qxe5 20. Qc1 Nf6 21.
Bf4 Ne4+ 22. Kg2 Qc5 23. Rf1 Bg6 24. c4 Qd4 25. Rf3 Rdf8 26. Qe1 Nc5 27. Rd1
Qe4 28. Bg3 e5 29. Qf2 Ne6 30. Kh2 Nf4 31. Bf1 Ne6 32. Rxf8+ Rxf8 33. Qe2 Qxe2+
34. Bxe2 Nd4 35. Rf1 Rxf1 36. Bxf1 Kd7 37. h4 Ke6 38. h5 Be8 39. Bd3 Nf3+ 40.
Kg2 Ng5 41. h6 Kf6 42. Bh4 1-0

[Event "5. Howard Staunton Memorial"]
[Site "Londres ENG"]
[Date "2007.08.18"]
[Round "11.1"]
[White "McNab, Colin Anderson"]
[Black "Werle, Jan"]
[Result "1/2-1/2"]
[WhiteElo "2416"]
[BlackElo "2552"]
[PlyCount "119"]
[EventDate "2007.08.07"]
[EventType "tourn"]
[EventRounds "11"]
[EventCountry "ENG"]
[EventCategory "13"]
[Source "lmi"]
[SourceDate "2007.08.07"]

1. Nf3 f5 2. g3 Nf6 3. Bg2 g6 4. b3 Bg7 5. Bb2 O-O 6. O-O d6 7. d4 c6 8. Nbd2
Na6 9. e3 h6 10. Ne1 e5 11. dxe5 Ng4 12. Nd3 Nxe5 13. Nxe5 Bxe5 14. Nc4 Bxb2
15. Nxb2 Qf6 16. Nd3 Be6 17. Qd2 Nc7 18. Rad1 Nd5 19. c4 Nc3 20. Rc1 Ne4 21.
Qc2 Rae8 22. Rfe1 Bf7 23. Qb2 Kg7 24. Red1 Re7 25. Rc2 Rd8 26. f3 Qxb2 27. Nxb2
Nf6 28. Kf2 d5 29. c5 Rde8 30. Re2 g5 31. Rd4 b6 32. Nd3 Nd7 33. b4 Rb8 34. Rc2
bxc5 35. Nxc5 Ne5 36. Bf1 g4 37. Be2 gxf3 38. Bxf3 Nc4 39. Nd3 Rxe3 40. Nb2 Ra3
41. Nxc4 dxc4 42. Bxc6 Rxb4 43. Bd5 Bxd5 44. Rxd5 Kf6 45. Rc5 a5 46. R5xc4 Rxc4
47. Rxc4 Rxa2+ 48. Kf3 h5 49. Rc6+ Ke5 50. Rc5+ Ke6 51. h4 Ra3+ 52. Kf4 Ra4+
53. Kf3 Ra1 54. Kf4 a4 55. Ra5 a3 56. Ra6+ Kd5 57. Kxf5 Rf1+ 58. Kg5 Rf3 59. g4
hxg4 60. Kxg4 1/2-1/2

[Event "5. Howard Staunton Memorial"]
[Site "Londres ENG"]
[Date "2007.08.18"]
[Round "11.5"]
[White "Smeets, Jan"]
[Black "L'Ami, Erwin"]
[Result "1/2-1/2"]
[WhiteElo "2538"]
[BlackElo "2598"]
[PlyCount "40"]
[EventDate "2007.08.07"]
[EventType "tourn"]
[EventRounds "11"]
[EventCountry "ENG"]
[EventCategory "13"]
[Source "lmi"]
[SourceDate "2007.08.07"]

1. e4 e5 2. Nf3 Nc6 3. d4 exd4 4. Nxd4 Bc5 5. Be3 Qf6 6. c3 Nge7 7. g3 h5 8. h3
h4 9. g4 Ng6 10. Qd2 Nce5 11. Be2 Bxd4 12. Qxd4 Nf4 13. Na3 O-O 14. Nb5 Ne6 15.
g5 Nf3+ 16. Kd1 Qxg5 17. Qd5 Qg2 18. Kc2 d6 19. c4 a6 20. Nc3 f5 1/2-1/2

[Event "5. Howard Staunton Memorial"]
[Site "Londres ENG"]
[Date "2007.08.18"]
[Round "11.6"]
[White "Wells, Peter K"]
[Black "Houska, Jovanka"]
[Result "1/2-1/2"]
[WhiteElo "2517"]
[BlackElo "2401"]
[PlyCount "49"]
[EventDate "2007.08.07"]
[EventType "tourn"]
[EventRounds "11"]
[EventCountry "ENG"]
[EventCategory "13"]
[Source "lmi"]
[SourceDate "2007.08.07"]

1. d4 d5 2. c4 c6 3. Nf3 Nf6 4. Nc3 e6 5. Bg5 Be7 6. e3 h6 7. Bh4 O-O 8. Bd3
dxc4 9. Bxc4 b5 10. Bd3 Nbd7 11. O-O Bb7 12. Qe2 b4 13. Bxf6 Nxf6 14. Ne4 c5
15. Nxc5 Bxc5 16. dxc5 Bxf3 17. gxf3 Qd5 18. Rac1 Rac8 19. Qc2 Qxf3 20. Be2 Qh3
21. Qc4 Rxc5 22. Qxc5 Ng4 23. Qd6 e5 24. Bxg4 Qxg4+ 25. Kh1 1/2-1/2